| 000 | 00566pam a2200205 a 4500 | ||
|---|---|---|---|
| 001 | 3384920 | ||
| 005 | 20171227043459.0 | ||
| 008 | 880627s1988 dcua f001 0 eng | ||
| 010 | _a 88042686 | ||
| 020 |
_a0895990229 (alk. paper) : _c$35.00 (retail) |
||
| 040 |
_aDLC _cDLC _dDLC |
||
| 041 | _aeng | ||
| 080 | _a573.2 LEW | ||
| 082 | 0 | 0 |
_a573.2 LEW _219 |
| 100 | 1 | _a11 | |
| 101 | _aBIO | ||
| 245 | 1 | 0 |
_aIn the age of mankind : _cRoger Lewin. |
| 906 |
_a7 _bcbc _corignew _d1 _eocip _f19 _gy-gencatlg |
||
| 942 |
_2ddc _cBK |
||
| 999 |
_c39466 _d39466 |
||